Music Quiz

Random Music or Bands Quiz

Mis-Matched Bands Quiz Stats

 Plays Quiz Updated Mar 24, 2015

Challenge
Share
Tweet
Score 0/32 Timer 07:00
0 Plays Today
% Correct
Bon Fire
98.1%
Guns n’ Pistols
98.1%
Green Peas
97.9%
Def Skynyrd
97.6%
Talking Fighters
97.5%
Pink Lips
96.9%
Smashing Chains
96.6%
Steely Nails
96.5%
Black Oil
96.4%
Rage Against Mars
95.9%
Iron Railroad
95.5%
Jane’s Jam
95.5%
Bad Ladies
94.5%
Dead Crows
93.5%
Arctic Youth
93.3%
Twisted Minds
92.8%
% Correct
Buffalo Loaf
92.5%
Smash Brothers
90.6%
Death Trick
90.4%
Living Dead
90%
Humble People
89.7%
They Might Be Blind
89.2%
New Fears
88.5%
Quiet Mouse
87.9%
Blind Pilots
85.4%
Faith Faith
85.2%
Blues Blues
84.5%
Social Division
83.5%
Violent Maniacs
81.7%
Three Cats
81%
White White
77%
New York Theater
73.6%

You're not logged in!

Compare scores with friends on all Sporcle quizzes.
Join for Free
OR
Log In

You Might Also Like...

Show Comments

Extras

Top Quizzes Today


Score Distribution

Your Account Isn't Verified!

In order to create a playlist on Sporcle, you need to verify the email address you used during registration. Go to your Sporcle Settings to finish the process.

Report this User

Report this user for behavior that violates our Community Guidelines.

Details: